Missing Word: John Williams Quiz Stats

 Plays Quiz Updated Jun 26, 2013

Support Sporcle.
Go Orange.
Score 0/16 Timer 03:00
1 Play Today
Film Missing Word % Correct
Home _____ 2: Lost in New YorkAlone
98.3%
E.T.: The _____-TerrestrialExtra
97.9%
_____ Private RyanSaving
97.5%
Born on the _____ of JulyFourth
95.9%
Indiana Jones and the Temple of _____Doom
94.4%
_____ of the Lost ArkRaiders
93.9%
The Lost World: _____ ParkJurassic
92.6%
A.I. _____ IntelligenceArtificial
87.5%
Film Missing Word % Correct
Harry Potter and the _____ of AzkabanPrisoner
85.9%
Minority _____Report
84.9%
_____ ListSchindler's
83.7%
Star Wars: Episode III - _____ of the SithRevenge
83.5%
_____ Encounters of the Third KindClose
82.5%
Memoirs of a _____Geisha
80.8%
The Poseidon _____Adventure
70.9%
The _____ ExpressSugarland
7.1%

Today's Daily Dose

You're not logged in!

Compare scores with friends on all Sporcle quizzes.
OR
Log In

From the Vault

Invisible Capitals of Europe

by Londoner

Okay, we know why London is invisible, but what about the rest?
Remove Ads.
Support Sporcle.
Get the best of Sporcle when you Go Orange. This ad-free experience offers more features, more stats, and more fun while also helping to support Sporcle. Thank you for becoming a member.

Show Comments

Extras

Top Quizzes Today


Score Distribution

Your Account Isn't Verified!

In order to create a playlist on Sporcle, you need to verify the email address you used during registration. Go to your Sporcle Settings to finish the process.

Report this User

Report this user for behavior that violates our Community Guidelines.

Details: